000
00209 a2200097 4500
001
47402
100
_a
Thompson R
245
_a
The price of victory
260
_a
London
_b
Constable
_c
090
_c
30432
_d
30432
942
_a
NUST-CAE
_c
M
_c
22706
999
_c
282475
_d
282475